Poder + Influencia. (Registro nro. 31032)
[ vista simple ]
| 000 -LEADER | |
|---|---|
| fixed length control field | 02310nam a22002533i 4500 |
| 003 - CONTROL NUMBER IDENTIFIER | |
| control field | OSt |
| 005 - DATE AND TIME OF LATEST TRANSACTION | |
| control field | 20250808103736.0 |
| 008 - FIXED-LENGTH DATA ELEMENTS--GENERAL INFORMATION | |
| fixed length control field | 211214s2020 xx o ||||0 spa d |
| 020 ## - INTERNATIONAL STANDARD BOOK NUMBER | |
| International Standard Book Number | 9788429195569 |
| 037 ## - SOURCE OF ACQUISITION | |
| Source of stock number/acquisition | Donación |
| 040 ## - CATALOGING SOURCE | |
| Original cataloging agency | CO-JMCR |
| Language of cataloging | spa |
| Description conventions | rda |
| Transcribing agency | CO-JMCR |
| Modifying agency | CO-JMCR |
| 041 1# - LANGUAGE CODE | |
| Language code of text/sound track or separate title | spa |
| Language code of original | eng |
| 082 04 - DEWEY DECIMAL CLASSIFICATION NUMBER | |
| Classification number | 152.4 |
| Edition number | 23 |
| Item number | P63p |
| 100 1# - MAIN ENTRY--PERSONAL NAME | |
| Personal name | Review, Harvard Business. |
| 9 (RLIN) | 44201 |
| 110 2# - MAIN ENTRY--CORPORATE NAME | |
| Corporate name or jurisdiction name as entry element | Review, Harvard Business, |
| Relator term | autor |
| 9 (RLIN) | 44202 |
| 245 10 - TITLE STATEMENT | |
| Title | Poder + Influencia. |
| 250 ## - EDITION STATEMENT | |
| Edition statement | primera edición. |
| 264 #1 - PRODUCTION, PUBLICATION, DISTRIBUTION, MANUFACTURE, AND COPYRIGHT NOTICE | |
| Place of production, publication, distribution, manufacture | Barcelona : |
| Name of producer, publisher, distributor, manufacturer | Editorial Reverté, |
| Date of production, publication, distribution, manufacture, or copyright notice | 2020. |
| 264 #4 - PRODUCTION, PUBLICATION, DISTRIBUTION, MANUFACTURE, AND COPYRIGHT NOTICE | |
| Date of production, publication, distribution, manufacture, or copyright notice | ©2020. |
| 300 ## - PHYSICAL DESCRIPTION | |
| Extent | 155 páginas ; |
| Dimensions | 18 cm. |
| 505 0# - FORMATTED CONTENTS NOTE | |
| Formatted contents note | 1. No dejes que el poder te corrompa -- 2. ¿Cuál es tu estilo de liderazgo? -- 3. Cómo saber cuánta influencia tienes en el trabajo -- 4. Cuatro formas de malgastar el poder -- 5. Haz que tu equipo se sienta poderoso -- 6. Cómo usar tu superpoder para el bien -- 7. Sentirnos poderosos en el trabajo nos hace sentir peor cuando llegamos a casa -- 8. Cómo trabajar con una persona manipuladora -- 9. Sexo, poder y sistemas sociales que toleran a tipos como Harvey Weinstein -- 10. Utiliza tus privilegios particulares para ayudar a otros -- 11. Para generar el cambio, el liderazgo es más importante que la autoridad -- 12. Piensa en cómo edificarás tu legado -- 13. Cómo funciona el liderazgo humilde -- Serie Inteligencia Emocional -- Guías Harvard Business Review -- Créditos. |
| 520 ## - SUMMARY, ETC. | |
| Summary, etc. | La autoridad formal conlleva implícita el poder. Pero muy poca gente es consciente de que también existe un poder informal, que no está vinculado a ningún cargo o jerarquía, pero capaz de ejercer un gran impacto. La Serie Inteligencia Emocional de HBR presenta textos cuidadosamente seleccionados sobre los aspectos humanos de la vida laboral y personal. Se trata de lecturas estimulantes y prácticas que nos ayudarán a conseguir el bienestar emocional. • Aprende a usar tu poder para tener más influencia. • Descubre cómo el poder incide en nuestras emociones, en nuestro comportamiento y en nuestra relación con los demás. • Consigue una mayor conciencia de ti mism@ y así mantén tu poder bajo control. • Relaciónate con las personas adecuadas para generar más valor. • Reacciona adecuadamente frente a los abusos de poder. |
| 942 ## - ADDED ENTRY ELEMENTS (KOHA) | |
| Koha item type | Books |
| Source of classification or shelving scheme | Dewey Decimal Classification |
| Withdrawn status | Lost status | Source of classification or shelving scheme | Damaged status | Not for loan | Collection code | Home library | Current library | Shelving location | Date acquired | Total Checkouts | Full call number | Barcode | Date last seen | Copy number | Price effective from | Koha item type |
|---|---|---|---|---|---|---|---|---|---|---|---|---|---|---|---|---|
| Dewey Decimal Classification | Fiction | Biblioteca Pública José María del Castillo y Rada | Biblioteca Pública José María del Castillo y Rada | General Stacks | 07/08/2025 | 152.4 / P63p | 201812256 | 07/09/2025 | Ej. 1 | 07/09/2025 | Books |